Statistics for Is your brain fast?

Click here to take the quiz!

General Stats

  • This quiz has been taken 10 times
  • The average score is 8 of 11

Answer Stats

Mot avec lettres manquantesMot au complet (réponse)% Correct
H_meHome
100%
C_rCar
89%
C_ngr_t_l_t_onCongratulation
89%
Na_eName
89%
Sp__dSpeed
89%
sp_spy
89%
Cl_c_Clock
78%
Te_ch_rTeacher
78%
cl_s_class
67%
Sh_e_Shoes
44%
B_o_Book
11%

Score Distribution

Percentile by Number Answered

Percent of People with Each Score

Your Score History

You have not taken this quiz